00902nam a22002535a 450000500170000000800410001702000180005804000380007608200240011410000290013824500660016725000120023326000360024530000290028150000240031050400410033465000370037565000310041265100100044365300240045394200080047799900170048595201460050220201128023854.0161016s2015 ii a frb 001 0 eng d a9789332536487 aEG-ScBUEbengcEG-ScBUEdEG-ScBUE04222a330.015195bSTU1 aStudenmund, A. H.93832810aUsing econometrics : ba practical guide /cA. H. Studenmund. a6th ed. aNoida, India :bPearson,c2015. a546 p. :bill. ;c24 cm. aIndex : p. 555-560. aIncludes bibliographical references. 72BUEsh9712aRegression analysis. 72BUEsh93215aEconometrics. 2BUEsh bBUSADMcOctober2016 2ddc c22591d22563 00102ddc40708AcademicaMAINbMAINc1STd2016-10-16ePurchaseg180.00h9154l0o330.015195 STUp000034091r2025-07-15 00:00:00v225.00yBB